000 00248 a2200085 4500
082 _a620.414 COA
245 _aReading Material Coastal Engineering CE - 824 Fall 1988 /
_cCoastal Engineering
260 _c1988
300 _av, 115p. :
_bill. ;
_c27 cm
650 _aCoastal Engineering
999 _c2068
_d2068